| 000 | 00833nam a22002177a 4500 | ||
|---|---|---|---|
| 001 | 74201 | ||
| 003 | BD-RjUL | ||
| 005 | 20211209082518.0 | ||
| 008 | 180325s2017 bg ||||| |||| 000 0 ben d | ||
| 020 |
_a9789842005022 _cTk.450.00 |
||
| 035 | _a(BD-RjUL) | ||
| 040 |
_aBD-RjUL _beng _cBD-RjUL |
||
| 041 | _aben | ||
| 082 |
_223 _a340 _bCHA 2017 |
||
| 245 | 1 | 0 |
_aআমি জানি তুমি মিথ্যা বলছো : মানুষের কথা বিশ্লষণ করে সত্য-মিথ্যা বের করার পদ্ধতি / _cতওফিক চৌধুরী |
| 260 |
_aঢাকা : _bঅ্যাডর্ন পাব , _c২০১৭ |
||
| 300 |
_a২২৩ পৃ. ; _c২২ সেমি. |
||
| 650 |
_aবিচার _9144187 |
||
| 650 |
_ajustice _9220746 |
||
| 942 |
_2ddc _cBK |
||
| 999 |
_c74201 _d74201 |
||